Twentieth century accounting thinkers /
Guardat en:
| Format: | Llibre |
|---|---|
| Idioma: | English |
| Publicat: |
London ; New York :
Routledge,
1994.
|
| Matèries: | |
| Etiquetes: |
Afegir etiqueta
Sense etiquetes, Sigues el primer a etiquetar aquest registre!
|
| Thư viện lưu trữ: | Mạng thư viện Đại học Đà Nẵng |
|---|
| LEADER | 00782cam a2200301 i 4500 | ||
|---|---|---|---|
| 001 | 000048467 | ||
| 003 | 8185 | ||
| 005 | 20030307142113.0 | ||
| 008 | 010324|1994 vm 000 eng | ||
| 020 | |a 0415102839 | ||
| 040 | |a IRC |c IRC |d IRC | ||
| 041 | 0 | |a eng | |
| 082 | 1 | 4 | |a 657.0904 |b Tw-C |
| 245 | 0 | 0 | |a Twentieth century accounting thinkers / |c edited by John Richard Edwards. |
| 260 | |a London ; New York : |b Routledge, |c 1994. | ||
| 300 | |a xvi, 374 p. ; |c 23cm. | ||
| 630 | 0 | 4 | |a Accounting. |
| 650 | 0 | 4 | |a Accounting |x History |y 20th century. |
| OWN | |a DUT | ||
| 999 | |a From the UDN01 | ||
| TYP | |a Monograph | ||
| TYP | |a Printed language | ||
| 980 | |a Mạng thư viện Đại học Đà Nẵng | ||


